Oblivion Skills - Statistics

General Stats
  • This quiz has been taken 77 times
  • The average score is 17 of 21
Answer Stats
Hint Answer % Correct
Destruction
95%
Sneak
92%
Blunt
90%
Conjuration
90%
Alteration
89%
COMBAT Blade
89%
Heavy Armor
87%
MAGIC Illusion
87%
Light Armor
87%
Restoration
87%
Mysticism
84%
Block
80%
Alchemy
77%
Marksman
75%
STEALTH Acrobatics
74%
Athletics
70%
Security
70%
Hand to Hand
66%
Speechcraft
61%
Mercantile
59%
Armorer
52%
No matching quizzes found
Score Distribution
Percent of People with Each Score
Percentile by Number Answered
Your Score History
You have not taken this quiz